Low-Cost inkjet-printed chipless RFID Tags (Record no. 13458)
[ view plain ]
| 000 -LEADER | |
|---|---|
| fixed length control field | 00470nam a22001337a 4500 |
| 082 ## - DEWEY DECIMAL CLASSIFICATION NUMBER | |
| Classification number | MSEE-4 MAS |
| 100 ## - MAIN ENTRY--PERSONAL NAME | |
| Personal name | Munawar Masood Khan |
| 9 (RLIN) | 98889 |
| 245 ## - TITLE STATEMENT | |
| Title | Low-Cost inkjet-printed chipless RFID Tags |
| 260 ## - PUBLICATION, DISTRIBUTION, ETC. | |
| Place of publication, distribution, etc. | Islamabad |
| Name of publisher, distributor, etc. | NUST-SEECS |
| Date of publication, distribution, etc. | 2015 |
| 300 ## - PHYSICAL DESCRIPTION | |
| Extent | 52p. |
| Other physical details | ill.; |
| Accompanying material | CD ROM |
| 500 ## - GENERAL NOTE | |
| General note | Supervisors: Dr. Hammad M. Cheema, Dr. Farooq Ahmad Tahir, Dr. Munir Ahmad Tarar, Mr. Ahsan Azhar |
| 856 ## - ELECTRONIC LOCATION AND ACCESS | |
| Uniform Resource Identifier | <a href="http://10.250.8.41:8080/xmlui/handle/123456789/8903">http://10.250.8.41:8080/xmlui/handle/123456789/8903</a> |
| 942 ## - ADDED ENTRY ELEMENTS (KOHA) | |
| Koha item type | Project Report |
| Source of classification or shelving scheme | |
| Withdrawn status | Lost status | Damaged status | Not for loan | Collection code | Permanent Location | Current Location | Shelving location | Date acquired | Total Checkouts | Full call number | Barcode | Date last seen | Price effective from | Koha item type | Source of classification or shelving scheme |
|---|---|---|---|---|---|---|---|---|---|---|---|---|---|---|---|
| Central Library (CL) | Central Library (CL) | Reference | 12/16/2015 | MSEE-4 MAS | SEECSP01778 | 12/16/2015 | 12/16/2015 | Project Report | |||||||
| Central Library (CL) | Central Library (CL) | Thesis | 12/11/2019 | 621.3MSEE-4 MAS | CL-T-4183 | 12/11/2019 | 12/11/2019 | Thesis |
